000
00282nam a22001217a 4500
020
_a
9789380995311
082
_a
658.4034
_b
DHI/OP
100
_a
Dhingra, Manish
245
_a
Operations research
260
_a
New Delhi
_b
Enkay publishing House
_c
2012
300
_a
276p
942
_c
BK
999
_c
13773
_d
13773